Nemecké skratky

Saved in:
Bibliographic Details
Main Author: Bojszová, Irena
Format: Book
Language:Slovak
Published: Bratislava Slov. ped. nakl. 1987
Edition:1. vyd.
Tags: Add Tag
No Tags, Be the first to tag this record!

MARC

LEADER 00000nam a2200000 4500
001 c040357
005 20250512105053.9
041 0 |a slo 
044 |a SK 
245 1 0 |a Nemecké skratky  |c Irena Bojszová 
250 |a 1. vyd. 
264 1 |a Bratislava  |b Slov. ped. nakl.  |c 1987 
300 |a 336 s. 
100 1 |a Bojszová, Irena